000 00728nam a2200241 a 4500
001 000019236
005 20200929165946.0
008 100528s1990 cu 000 0 spa d
040 _aDO-SdBNP
_bspa
_cBNPHU
082 _aCu861.44
_bF363p
100 1 _aFernández Pérez, Alfredo
_941391
245 1 0 _aPoemas / Alfredo Fernández Pérez ; presentación Jesús Orta Ruíz.
260 _aLa Habana :
_bUnión de Escritores y Artistas de Cuba,
_c1990.
300 _a97 p. ;
_c18 cm.
490 1 _aManjuarí
490 1 _aPoesía
650 4 _aPoesía cubana
_95226
650 4 _aLiteratura cubana
_91483
700 1 _aOrta Ruíz, Jesús
_941392
830 0 _aManjuarí ;
_922456
830 0 _aPoesía
_91183
049 _aBNGR
999 _c18754
_d18754